Loading...
| Science - Physics | 0 | 5 | 1 | 3 | 45 | 72 | 98.80 | 0 | 0 | 0.00 | 0.00 |
| Science - Biology | 0 | 5 | 1 | 1 | 45 | 17 | 73.00 | 0 | 1 | 0.00 | 0.00 |
| Science - Chemistry | 0 | 5 | 2 | 1 | 40 | 75 | 88.80 | 0 | 0 | 0.00 | 0.00 |
| Philosophy | 0 | 4 | 1 | 0 | 35 | 70 | 100.25 | 0 | 0 | 0.00 | 0.00 |
| Science - Other | 0 | 3 | 0 | 0 | 30 | 47 | 63.33 | 0 | 1 | 0.00 | 0.00 |
| Religion | 0 | 2 | 0 | 0 | 20 | 60 | 71.00 | 0 | 0 | 0.00 | 0.00 |
| History - World | 0 | 2 | 1 | 0 | 15 | 69 | 79.50 | 0 | 0 | 0.00 | 0.00 |
| Current Events | 0 | 1 | 0 | 0 | 10 | 72 | 72.00 | 0 | 1 | 0.00 | 0.00 |
| Fine Arts - Classical Music | 0 | 1 | 0 | 0 | 10 | 93 | 93.00 | 0 | 0 | 0.00 | 0.00 |
| Fine Arts - Other | 0 | 1 | 0 | 1 | 10 | 108 | 108.00 | 0 | 0 | 0.00 | 0.00 |
| Geography | 0 | 1 | 0 | 1 | 10 | 118 | 118.00 | 0 | 0 | 0.00 | 0.00 |
| History - European | 0 | 1 | 0 | 0 | 10 | 69 | 69.00 | 0 | 0 | 0.00 | 0.00 |
| Social Science | 0 | 0 | 1 | 0 | -5 | 0.00 | 0 | 0 | 0.00 | 0.00 |